Euro Countries by Coins - Picture Quiz - Statistics

General Stats
  • This quiz has been taken 137 times
  • The average score is 13 of 16
Answer Stats
Picture Answer % Correct
Germany
95%
Slovakia
95%
Italy
93%
Andorra
92%
Greece
92%
Ireland
90%
Lithuania
87%
Estonia
86%
Portugal
85%
Luxembourg
82%
Belgium
75%
Latvia
75%
Austria
71%
Cyprus
71%
France
68%
Finland
64%
No matching quizzes found
Score Distribution
Percent of People with Each Score
Percentile by Number Answered
Your Score History
You have not taken this quiz